Statistics for Formula 1 drivers with the most third positions

Click here to take the quiz!

General Stats

  • This quiz has been taken 134 times
  • The average score is 14 of 22

Answer Stats

Third positionsŘidič% Correct
35Hamilton
99%
21Schumacher
98%
29Alonso
95%
45Raikkonen
92%
16Senna
91%
33Vettel
90%
20Prost
87%
28Bottas
86%
16Verstappen
86%
20Button
71%
17Massa
71%
17Hakkinen
70%
18Ricciardo
69%
17Webber
68%
28Barrichello
64%
17Piquet
55%
23Coulthard
50%
21Berger
26%
16Irvine
25%
16Hulme
14%
20Reutemann
11%
16Laffite
8%

Score Distribution

Percentile by Number Answered

Percent of People with Each Score

Your Score History

You have not taken this quiz